Búcsú Janiga Józseftől

Podrobná bibliografia
Hlavný autor: Koncsol, László, 1936-2023 (Autor)
Médium: Článok
Jazyk:maďarčina
Fyzický popis:Obr.
ISSN:1335-6445
Predmet:

MARC

LEADER 00000nab a2200000 a 4500
001 vtls000880027
003 SK-MaSNL
005 20260507043149.0
008 141024c2004 xo 0 hun
015 |a SNBRB2004/07-23683 
035 |a CLN000231565 
040 |a SNKBUCL  |b slo  |c SNKBUCL  |e AACR2 
041 0 |a hun 
044 |a xo  |c SK 
080 |a 75.071.1  |2 1997 
080 |a 929 Janiga, József  |2 1997 
100 1 |a Koncsol, László,  |d 1936-2023  |4 aut  |9 207344 
245 1 0 |a Búcsú Janiga Józseftől  |c Koncsol László 
300 |b Obr. 
500 |a Odznelo pri katafalku maliara (Veľký Meder, 7.5.2004) 
600 1 7 |a Janiga, József,  |d 1946-2004  |2 snkbucl  |9 170562 
655 7 |a články z novín a časopisov  |2 snkbucl  |9 267496 
773 0 |t Katedra  |g Roč. 11, č. 10 (2004), s. 12  |x 1335-6445 
850 |a Slovenská národná knižnica v Martine 
852 |a SNK  |b KIS3GCP 
957 |a 201 
958 |a HU 
958 |a BX 
958 |a SK 
999 |c 2273713  |d 2275643